Normal view
MARC view
- Jensen, John R
Entry Personal Name
001 - CONTROL NUMBER
- control field: 29676
003 - CONTROL NUMBER IDENTIFIER
- control field: NUST
005 - DATE AND TIME OF LATEST TRANSACTION
- control field: 20200901100209.0
008 - FIXED-LENGTH DATA ELEMENTS
- fixed length control field: 200901|| aca||aabn | a|a d
040 ## - CATALOGING SOURCE
- Original cataloging agency: NUST
- Transcribing agency: NUST
100 ## - HEADING--PERSONAL NAME
- Personal name: Jensen, John R
670 ## - SOURCE DATA FOUND
- Source citation: Work cat.: (NUST): Jensen, John R, Remote sensing of the environment, 2013.
